000 00688nas a2200241 4500
001 BR9205547
003 BR-BrBNA
005 20231205092846.0
007 ta
008 230509b bl.|||p| |||| 00| 00por d
040 _aBR-BrBNA
_bpor
_cBiblioteca Nacional de Agricultura
041 _a(Pt)
072 _aL02
100 1 _aAnon.
245 1 _aPastagens consorciadas, uma pratica esquecida
650 _aPASTAGEM CONSORCIADA
650 _aPLANTA FORRAGEIRA
650 _aNUTRICAO ANIMAL
650 _aPRATICO
773 0 _tDirigente Rural (Brazil)
_xISSN 0012-3374
_g(Oct 1990), v. 29(10) p. 15-19
_wBR9205547
909 _a202311
_bLúcia
_c55
_dLúcia Elande
942 _2AGRIS
_n0
_cANA
999 _c134704
_d134704